Miasta województwa lwowskiego II RP z mapą - Statystyki

Ogólne statystyki
  • Ten quiz został rozwiązany 32 razy
  • Średni wynik to 29 z 60
Odpowiedzi na mapie
Odpowiedzi zakodowano w zielono-czerwonej skali na mapie do tego quizu, zgodnie z poniższymi procentami.
 
Statystyki odpowiedzi
Miasto % Poprawnych
Lwów
100%
Rzeszów
100%
Łańcut
92%
Przemyśl
92%
Przeworsk
92%
Krosno
83%
Lubaczów
83%
Sanok
83%
Tarnobrzeg
83%
Brzozów
75%
Lesko
75%
Leżajsk
75%
Nisko
75%
Jarosław
67%
Kolbuszowa
67%
Rawa Ruska
67%
Sokal
67%
Bóbrka
58%
Cieszanów
58%
Drohobycz
58%
Sambor
58%
Strzyżów
58%
Baranów
50%
Borysław
50%
Dukla
50%
Jaworów
50%
Mościska
50%
Rudnik
50%
Rymanów
50%
Sieniawa
50%
Tyczyn
50%
Ulanów
50%
Ustrzyki Dolne
50%
Żółkiew
50%
Bełz
42%
Dobromil
42%
Głogów
42%
Gródek Jagielloński
42%
Radymno
42%
Sokołów
42%
Błażowa
33%
Kańczuga
33%
Krakowiec
33%
Stary Sambor
33%
Chyrów
25%
Niemirów
25%
Rozwadów
25%
Winniki
25%
Kulików
17%
Rudki
17%
Uhnów
17%
Chodorów
8%
Janów
8%
Jaryczów Nowy
8%
Komarno
8%
Mosty Wielkie
8%
Niżankowice
8%
Sądowa Wisznia
8%
Stara Sól
8%
Szczerzec
8%
Nie znaleziono quizów pasujących do podanych kryteriów
Rozkład punktacji
Procent ludzi z każdym wynikiem
Percentyl według liczby udzielonych odpowiedzi
Twoja historia wyników
Nie rozwiązałeś tego quizu